Biblioteka Instytutu Północnego w Olsztynie

Widok standardowy Widok MARC

Pozycja Personal Name

Liczba rekordów, w których użyto hasła: 1

001 - Numer kontrolny

  • control field: 40725

003 - Identyfikator numeru kontrolnego

  • control field: NUKAT

005 - Data i czas ostatniej modyfikacji

  • control field: 20260427224528.0

008 - Dane kontrolne kodowane (40 znaków)

  • fixed length control field: 981209n||a|znnaabn |a aaa |c

010 ## - Numer kontrolny Biblioteki Kongresu

  • numer kontrolny LC: n 98097417

024 7# - OTHER STANDARD IDENTIFIER

  • Standard number or code: 75294102
  • Source of number or code: viaf

024 7# - OTHER STANDARD IDENTIFIER

  • Standard number or code: 0000000071491274
  • Source of number or code: isni

024 7# - OTHER STANDARD IDENTIFIER

  • Standard number or code: Q11731233
  • Source of number or code: wikidata

040 ## - Instytucja sporządzająca rekord

  • inst. przygot. dane do rek. khw: WA U/RET
  • język haseł przedmiotowych/tezaurus: kaba
  • inst. wprow. rek. khw: WA U/IKA
  • inst. modyf. rek. khw: KR U/bs
  • inst. modyf. rek. khw: WR U/DZs
  • inst. modyf. rek. khw: KAT U/SK
  • inst. modyf. rek. khw: WA U/91IOs
  • inst. modyf. rek. khw: WA U/AB

100 1# - Hasło - nazwa osobowa

  • nazwa osobowa w formie ujednoliconej: Rafacz, Józef
  • daty biograficzne: (1890-1944).

400 1# - Trop zob. - nazwa osobowa

  • nazwa osobowa (nazwisko, imiona): Rafacz, J.

400 1# - Trop zob. - nazwa osobowa

  • nazwa osobowa (nazwisko, imiona): Rafacz.

670 ## - Źródło informacji

  • źródło informacji: Kp. Historia ustroju dawnej Polski / Józef Rafacz. - Warszawa, 1935.

670 ## - Źródło informacji

  • źródło informacji: Uczeni polscy XIX-XX stulecia. - Warszawa, 1997.

670 ## - Źródło informacji

  • źródło informacji: Historja ustroju dawnej Polski / J. Rafacz. - Warszawa, 1935.

670 ## - Źródło informacji

  • źródło informacji: Chronologia dawnego prawa polskiego : według wykładów i skryptów prof. dr. Rafacza / opracował W. P. - Warszawa, 1935.
Biblioteka Instytutu Północnego, ul. Partyzantów 87, 10-402 Olsztyn, email: biblioteka(at)ip.olsztyn.pl